Responses for show #8060 - Friday, September 27, 2019

Contestants

[<< previous game]

Laurel Lathrop, a graduate student from Tallahassee, Florida

Steve St. John, a college psychology professor from Winter Springs, Florida

Gabe Brison-Trezise, a researcher from Washington, D.C. (whose 1-day cash winnings total $22,400)

[next game >>]

Jeopardy! Round responses

WINNIE-THE-POOH IN THE OED
MUSEUM-PODGE
THEORIES
CABLE TELEVISION
AN IMP OF A RHYME
WHISKEY BUSINESS
    $200 11
honey

Laurel
    $200 16
Mount Rushmore

Gabe
    $200 24
the big bang

Gabe
    $200 25
Game of Thrones

Steve
    $200 18
primp

Laurel
    $200 3
Kentucky

Laurel
    $400 12
(Gabe: What is importance?)

brain

Gabe
Triple Stumper
    $1,000 15
Stockholm

Gabe
    $400 17
conspiracy

Laurel
    $400 26
Comedy Central

Gabe
    $400 22
blimp

Steve
    $400 4
(Laurel: What is blended whiskey?)
(Gabe: What is rye whiskey?)
(Alex: [Reacting to Laurel ringing in again] No, Laurel you cant ring--)
(Laurel: No, I can't do it again? Okay.)
[Laughter]
(Alex: You don't get a second chance that way.)
(Laurel: Right.)

Irish whiskey

GabeLaurel
Triple Stumper
    $600 13
Tigger

Triple Stumper
    $600 14
the Field Museum

Gabe
    $600 8
buying stocks

Steve
    $600 23
(Alex: With a minute to go.)

(Gianni) Versace

Gabe
    $600 21
scrimp

Laurel
    $600 5
Jack Daniel's

Gabe
    $800 27
Heffalump

Laurel
    $800 2
(Steve: What is, uh, people on the underground railroad?)
(Gabe: What are sleeping car porters?)
(Alex: Mm... be a little more specific.)
(Gabe: Um, what are railroad porters?)

Pullman car porters

GabeSteveLaurel
    $800 9
the domino theory

Laurel
    $800 19
(Steve: What is chimp?)

shrimp

Steve
Triple Stumper
    $800 6
the angel's share

Laurel
    $1000 28
[The end-of-round signal sounds.]

bridge

Laurel
    $1000 1
Uffizi Gallery

Triple Stumper
    $1000 10
windows

Laurel
    $1000 20
crimp

Laurel
    $1000 7
(Alex: That's right, yes. 7 & 7.)

July 7th

Steve

Scores at the first commercial break (after clue 15):

Gabe Steve Laurel
$600 $800 $3,400

Scores at the end of the Jeopardy! Round:

Gabe Steve Laurel
$2,000 $600 $7,400

Double Jeopardy! Round responses

ANTIQUITY CUSTODY BATTLES
"B" MOVIE STARS
BIOGRAPHERS
SOME STERN WORDS
SOAP
WATER
    $400 26
(Thor) Heyerdahl

Gabe
    $400 7
(John) Brown

Steve
    $400 10
flinty

Triple Stumper
    $400 24
lather

Triple Stumper
    $400 27
[The end-of-round signal sounds.]

Victoria

Gabe
    $800 1
the Rosetta Stone

Laurel
    $800 20
Boswell

Laurel
    $800 21
hard-boiled

Steve
    $800 25
the Strait of Magellan

Steve
    $1200 2
Stone of Scone

Triple Stumper
    $1200 5
Cate Blanchett

Laurel
    $1200 8
the Northwest Territory

Gabe
    $1200 11
Spartan

Steve
    $1200 15
Phoenicians

Steve
    $3,000 14
the Rhine

Laurel
    $1600 3
Hobby Lobby

Steve
    $1600 4
Javier Bardem

Laurel
    $1600 9
Henrietta Lacks

Laurel
    $1600 18
ascetic

Gabe
    $1600 12
surface tension

Gabe
    $1600 16
cataracts

Steve
    $2000 23
Mongolia

Steve
    $2000 6
Tom Berenger

Triple Stumper
    $2000 22
(Alex, Yes, less than a minute now.)

(Robert) Caro

Gabe
    $6,400 19
dyed in the wool

Gabe
    $2000 13
Castile soap

Laurel
    $2000 17
Australia

Steve

Scores at the end of the Double Jeopardy! Round:

Gabe Steve Laurel
$15,600 $12,200 $18,400

[wagering suggestions for these scores]

Final Jeopardy! Round responses

EPITAPHS
SteveWho is Yeates?
$6,205
GabeWho is Yeats?
$8,801
LaurelWho is Oscar Wilde?
$12,801
Oscar Wilde

Final scores:

Gabe Steve Laurel
$6,799 $5,995 $31,201
2nd place: $2,000 3rd place: $1,000 New champion: $31,201

Game dynamics:

Coryat scores:

Gabe Steve Laurel
$10,600 $12,200 $16,600
14 R
(including 2 DDs),
3 W
13 R,
2 W
19 R
(including 1 DD),
1 W

Combined Coryat: $39,400

The J! Archive is created by fans, for fans. The Jeopardy! game show and all elements thereof, including but not limited to copyright and trademark thereto, are the property of Jeopardy Productions, Inc. and are protected under law. This website is not affiliated with, sponsored by, or operated by Jeopardy Productions, Inc. Join the discussion at JBoard.tv.